Pozycja Corporate Name
Liczba rekordów, w których użyto hasła: 1
001 - Numer kontrolny
- control field: 40621
003 - Identyfikator numeru kontrolnego
- control field: NUKAT
005 - Data i czas ostatniej modyfikacji
- control field: 20260427105057.0
008 - Dane kontrolne kodowane (40 znaków)
- fixed length control field: 161116n||azznnbabn |a ana |
010 ## - Numer kontrolny Biblioteki Kongresu
- numer kontrolny LC: p 2016437316
024 7# - OTHER STANDARD IDENTIFIER
- Standard number or code: 70148207939500342359
- Source of number or code: viaf
035 ## - Numer systemowy
- numer systemowy: a35636099
040 ## - Instytucja sporządzająca rekord
- inst. przygot. dane do rek. khw: WA N
- język haseł przedmiotowych/tezaurus: DBN
- inst. wprow. rek. khw: WA N
110 2# - Hasło - nazwa ciała zbiorowego
- nazwa ciała zbior. lub geogr. na pocz.: Obwód Łańcut (Armia Krajowa)
410 2# - Trop zob. - nazwa ciała zbiorowego
- nazwa ciała zbior. lub geogr. na pocz.: Łańcucki Obwód AK
410 2# - Trop zob. - nazwa ciała zbiorowego
- nazwa ciała zbior. lub geogr. na pocz.: Obwód AK Łańcut
410 2# - Trop zob. - nazwa ciała zbiorowego
- nazwa ciała zbior. lub geogr. na pocz.: Obwód SZP-ZWZ-AK Łańcut
410 2# - Trop zob. - nazwa ciała zbiorowego
- nazwa ciała zbior. lub geogr. na pocz.: Obwód ZWZ-AK Łańcut
410 2# - Trop zob. - nazwa ciała zbiorowego
- nazwa ciała zbior. lub geogr. na pocz.: Obwód Łańcut AK
410 2# - Trop zob. - nazwa ciała zbiorowego
- nazwa ciała zbior. lub geogr. na pocz.: Obwód Łańcut ZWZ- AK
410 2# - Trop zob. - nazwa ciała zbiorowego
- nazwa ciała zbior. lub geogr. na pocz.: Armia Krajowa.
- nazwa jednostki podrzędnej: Obwód Łańcut
410 2# - Trop zob. - nazwa ciała zbiorowego
- nazwa ciała zbior. lub geogr. na pocz.: Armia Krajowa.
- nazwa jednostki podrzędnej: Inspektorat Rejonowy Przemyśl.
- nazwa jednostki podrzędnej: Obwód Łańcut
510 2# - Trop zob. też - nazwa ciała zbiorowego
- podpole kontrolne: g
- nazwa ciała zbior. lub geogr. na pocz.: Armia Krajowa (AK)
670 ## - Źródło informacji
- źródło informacji: Obwód SZP-ZWZ-AK Łańcut 1939-1945 w relacjach żołnierzy podziemia / Andrzej Borcz. W: Rocznik Przemyski. T. 51, z. 1 (2015).
670 ## - Źródło informacji
- źródło informacji: Wikipedia